Analýza efektívnosti metódou syntetických ukazovateľov v n.p. Slovnaft Bratislava a n.p. Chemické závody ČSSP Litvínov záverečná práca postgraduálneho štúdia

Guardado en:
Detalles Bibliográficos
Autor principal: Horečná, Terézia
Autor Corporativo: Vysoká škola ekonomická v Bratislave
Otros Autores: Sršňová, Jana
Formato: Libro
Lenguaje:eslovaco
Publicado: Bratislava 1987
Etiquetas: Agregar Etiqueta
Sin Etiquetas, Sea el primero en etiquetar este registro!

MARC

LEADER 00000nam a2200000 4500
001 c031869
005 20230116091253.5
041 0 |a slo 
044 |a SK 
245 1 0 |a Analýza efektívnosti metódou syntetických ukazovateľov v n.p. Slovnaft Bratislava a n.p. Chemické závody ČSSP Litvínov  |b záverečná práca postgraduálneho štúdia  |c Terézia Horečná ; Ved. práce Jana Sršňová 
264 1 |a Bratislava  |c 1987 
300 |a 55 s. 
100 1 |a Horečná, Terézia 
700 1 |a Sršňová, Jana 
710 2 |a Vysoká škola ekonomická v Bratislave